| 000 | 03717cam a2200829 4500 | ||
|---|---|---|---|
| 001 | ocn600620495 | ||
| 003 | TZ-ArACH | ||
| 005 | 20240902093934.0 | ||
| 006 | m o d | ||
| 007 | cr bn||||||abp | ||
| 007 | cr bn||||||ada | ||
| 008 | 100404s1965 njub ob 000 0 eng d | ||
| 010 | _z 65017144 | ||
| 020 | _a9780691000084 | ||
| 020 | _z9780691624273 | ||
| 020 | _z0691624275 | ||
| 029 | 1 |
_aAU@ _b000062425236 |
|
| 029 | 1 |
_aAU@ _b000067036285 |
|
| 035 | _a(OCoLC)600620495 | ||
| 037 |
_a22573/ctt182db8g _bJSTOR |
||
| 040 |
_aOCLCE _beng _epn _cTZ-ArACH |
||
| 042 | _adlr | ||
| 043 | _af-tz--- | ||
| 049 | _aTZAA | ||
| 050 | 4 |
_aDT435 _b.L67 1965 |
|
| 072 | 7 |
_aPOL _x032000 _2bisacsh |
|
| 072 | 7 |
_aPOL _x040000 _2bisacsh |
|
| 072 | 7 |
_aPOL _x030000 _2bisacsh |
|
| 072 | 7 |
_aPOL _x018000 _2bisacsh |
|
| 072 | 7 |
_aHIS001020 _2bisacsh |
|
| 082 | 0 | 4 | _a320.96781 |
| 084 |
_aMI 69030 _2rvk |
||
| 084 |
_aMI 57030 _2rvk |
||
| 084 |
_a3,6 _2ssgn |
||
| 100 | 1 | _aLofchie, Michael F. | |
| 245 | 1 | 0 |
_aZanzibar: background to revolution _cby Michael F. Lofchie. |
| 260 |
_aPrinceton, N.J., _bPrinceton University Press, _c1965. |
||
| 300 |
_a1 online resource (316 pages) _bmaps |
||
| 504 | _aIncludes bibliographical references (pages 288-301). | ||
| 506 |
_3Use copy _fRestrictions unspecified _2star _5MiAaHDL |
||
| 533 |
_aElectronic reproduction. _b[Place of publication not identified] : _cHathiTrust Digital Library, _d2010. |
||
| 538 |
_aMaster and use copy. Digital master created according to Benchmark for Faithful Digital Reproductions of Monographs and Serials, Version 1. Digital Library Federation, December 2002. _uhttp://purl.oclc.org/DLF/benchrepro0212 |
||
| 583 | 1 |
_adigitized _c2010 _hHathiTrust Digital Library _lcommitted to preserve _2pda _5MiAaHDL |
|
| 630 | 0 | 7 |
_aSansibar _2gnd |
| 650 | 7 |
_aPOLITICAL SCIENCE _xEssays. _2bisacsh |
|
| 650 | 7 |
_aPOLITICAL SCIENCE _xGovernment _xGeneral. _2bisacsh |
|
| 650 | 7 |
_aPOLITICAL SCIENCE _xGovernment _xNational. _2bisacsh |
|
| 650 | 7 |
_aPOLITICAL SCIENCE _xReference. _2bisacsh |
|
| 650 | 7 |
_aHISTORY _zAfrica _xEast. _2bisacsh |
|
| 650 | 7 |
_aGeschichte _2gnd |
|
| 651 | 0 |
_aZanzibar _xHistory. |
|
| 651 | 6 |
_aZanzibar _xHistoire. |
|
| 651 | 7 |
_aTanzania _zZanzibar _2fast |
|
| 651 | 7 |
_aZanzibar _xHistoire. _2ram |
|
| 655 | 7 |
_aHistory _2fast |
|
| 776 | 0 | 8 |
_iPrint version: _aLofchie, Michael F. _tZanzibar: background to revolution. _dPrinceton, N.J., Princeton University Press, 1965 _w(DLC) 65017144 _w(OCoLC)6582009 |
| 830 | 0 | _aBook collections on Project MUSE. | |
| 856 | 4 | 0 |
_3De Gruyter _uhttps://doi.org/10.1515/9781400879540 |
| 856 | 4 | 0 |
_3De Gruyter _uhttp://0-www.degruyter.com.oasis.unisa.ac.za/isbn/9781400879540 |
| 856 | 4 | 0 |
_3EBSCOhost _uhttps://search.ebscohost.com/login.aspx?direct=true&scope=site&db=nlebk&db=nlabk&AN=1078770 |
| 856 | 4 | 0 |
_3Google _uhttp://books.google.com/books?id=wVJ0AAAAMAAJ |
| 856 | 4 | 0 |
_3HathiTrust Digital Library, Limited view (search only) _uhttp://catalog.hathitrust.org/api/volumes/oclc/6582009.html |
| 856 | 4 | 0 |
_3JSTOR _uhttps://www.jstor.org/stable/10.2307/j.ctt183q0j7 |
| 856 | 4 | 0 |
_3MyiLibrary _uhttp://www.myilibrary.com?id=847836 |
| 856 | 4 | 0 |
_3Project MUSE _uhttps://muse.jhu.edu/book/44300 |
| 856 | 4 | 2 |
_3De Gruyter, Cover _uhttp://www.degruyter.com/doc/cover/9781400879540.jpg |
| 856 | 4 | 2 |
_3De Gruyter, Cover _uhttps://www.degruyter.com/doc/cover/9781400879540.jpg |
| 856 | 4 | 0 | _uhttp://libezp.lib.lsu.edu/login?url=https://muse.jhu.edu/book/44300/ |
| 856 | 4 | 0 |
_uhttps://archive.org/details/zanzibarbackgrou0000lofc _zFree eBook from the Internet Archive |
| 856 | 4 | 0 |
_uhttps://openlibrary.org/books/OL22081544M _zAdditional information and access via Open Library |
| 942 |
_2lcc _cBOOK |
||
| 999 |
_c7322 _d7322 |
||